[Event "EWIBCC 2019"]
[Site "Monte-Carlo"]
[Date "2019.11.29"]
[Round "5.19"]
[White "Petrova, Irina"]
[Black "Arakhamia-Grant, Ketevan"]
[Result "0-1"]
[WhiteElo "2109"]
[BlackElo "2376"]
[Annotator "NA"]
[PlyCount "107"]
[EventDate "2019.11.29"]
[EventType "swiss"]
[EventCountry "MNC"]
[SourceTitle "playchess.com"]
[Source "ChessBase"]
[SourceQuality "1"]
[TimeControl "180+2"]

1. d4 {[%emt 0:00:00]} Nf6 {[%emt 0:00:00]} 2. Bg5 {[%emt 0:00:00]} d5 {[%emt 0:00:06]} 3. Nc3 {[%emt 0:00:02]} Nbd7 {[%emt 0:00:03]} 4. Nf3 {[%emt 0:00:01]} e6 {[%emt 0:00:05]} 5. e4 {[%emt 0:00:02]} dxe4 {[%emt 0:00:04]} 6. Nxe4 {[%emt 0:00:01]} Be7 {[%emt 0:00:02]} 7. Bxf6 {[%emt 0:00:02]} Nxf6 {[%emt 0:00:04]} 8. Nxf6+ {[%emt 0:00:02]} Bxf6 {[%emt 0:00:01]} 9. c3 {[%emt 0:00:01]} O-O {[%emt 0:00:02]} 10. Bd3 {[%emt 0:00:02]} Bd7 {[%emt 0:00:09]} 11. Qc2 {[%emt 0:00:01]} h6 {[%emt 0:00:23]} 12. Be4 {[%emt 0:00:16]} Rb8 {[%emt 0:00:08]} 13. O-O {[%emt 0:00:07]} Qe7 {[%emt 0:00:30]} 14. Rad1 {[%emt 0:00:07]} Rfd8 {[%emt 0:00:04]} 15. Ne5 {[%emt 0:00:13]} Be8 {[%emt 0:00:00]} 16. f4 {[%emt 0:00:17]} c5 {[%emt 0:00:01]} 17. Qf2 {[%emt 0:01:08]} cxd4 {[%emt 0:00:40]} 18. Rxd4 {[%emt 0:00:03]} Bxe5 {[%emt 0:00:21]} 19. fxe5 {[%emt 0:00:06]} Qg5 {[%emt 0:00:16]} 20. Rxd8 {[%emt 0:00:05]} Rxd8 {[%emt 0:00:01]} 21. Bxb7 {[%emt 0:00:06]} Qxe5 {[%emt 0:00:24]} 22. Qxa7 {[%emt 0:00:14]} Rd2 {[%emt 0:00:11]} 23. Qa8 {[%emt 0:00:06]} Qc5+ {[%emt 0:00:03]} 24. Kh1 {[%emt 0:00:01]} Qb5 {[%emt 0:00:01]} 25. Rg1 {[%emt 0:00:05]} Rxb2 {[%emt 0:00:03]} 26. Bf3 {[%emt 0:00:05]} Qa4 {[%emt 0:00:05]} 27. Qd8 {[%emt 0:00:05]} Rxa2 {[%emt 0:00:03]} 28. h3 {[%emt 0:00:09]} Kh7 {[%emt 0:00:02]} 29. Qd3+ {[%emt 0:00:10]} g6 {[%emt 0:00:02]} 30. Bd1 {[%emt 0:00:10]} Qa6 {[%emt 0:00:02]} 31. Qf3 {[%emt 0:00:03]} Kg7 {[%emt 0:00:01]} 32. Rf1 {[%emt 0:00:03]} Ra1 {[%emt 0:00:03]} 33. Qf6+ {[%emt 0:00:03]} Kg8 {[%emt 0:00:01]} 34. Qf3 {[%emt 0:00:05]} Qb5 {[%emt 0:00:03]} 35. Be2 {[%emt 0:00:01]} Rxf1+ {[%emt 0:00:02]} 36. Qxf1 {[%emt 0:00:01]} Qc5 {[%emt 0:00:01]} 37. c4 {[%emt 0:00:02]} Bc6 {[%emt 0:00:01]} 38. Kh2 {[%emt 0:00:03]} Qe5+ {[%emt 0:00:02]} 39. Kh1 {[%emt 0:00:01]} Qe3 {[%emt 0:00:01]} 40. Kh2 {[%emt 0:00:02]} Kg7 {[%emt 0:00:02]} 41. Bd3 {[%emt 0:00:02]} Qe5+ {[%emt 0:00:03]} 42. Kh1 {[%emt 0:00:02]} Qd4 {[%emt 0:00:03]} 43. Kh2 {[%emt 0:00:03]} e5 {[%emt 0:00:01]} 44. Be2 {[%emt 0:00:04]} e4 {[%emt 0:00:01]} 45. Qb1 {[%emt 0:00:05]} Qe5+ {[%emt 0:00:02]} 46. Kh1 {[%emt 0:00:02]} h5 {[%emt 0:00:02]} 47. Qc1 {[%emt 0:00:01]} e3 {[%emt 0:00:02]} 48. c5 {[%emt 0:00:02]} Qg3 {[%emt 0:00:03]} 49. Qf1 {[%emt 0:00:06]} Qxh3+ {[%emt 0:00:08]} 50. Kg1 Qg3 {[%emt 0:00:02]} 51. Bc4 Qc7 {[%emt 0:00:02]} 52. Qe2 {[%emt 0:00:06]} Qe7 53. Kf1 {[%emt 0:00:02]} Qf6+ {[%emt 0:00:04]} 54. Ke1 0-1

[Event "EWIBCC 2019"]
[Site "Monte-Carlo"]
[Date "2019.11.29"]
[Round "5.20"]
[White "Solozhenkina, Elizaveta"]
[Black "Nicoara, Malina"]
[Result "1-0"]
[WhiteElo "2314"]
[BlackElo "2066"]
[Annotator "NA"]
[PlyCount "79"]
[EventDate "2019.11.29"]
[EventType "swiss"]
[EventCountry "MNC"]
[SourceTitle "playchess.com"]
[Source "ChessBase"]
[SourceQuality "1"]
[TimeControl "180+2"]

1. e4 {[%emt 0:00:00]} Nf6 {[%emt 0:00:00]} 2. e5 {[%emt 0:00:01]} Nd5 {[%emt 0:00:00]} 3. d4 {[%emt 0:00:01]} d6 {[%emt 0:00:00]} 4. c4 {[%emt 0:00:00]} Nb6 {[%emt 0:00:00]} 5. exd6 {[%emt 0:00:01]} cxd6 {[%emt 0:00:01]} 6. Nc3 {[%emt 0:00:02]} g6 {[%emt 0:00:01]} 7. Be3 {[%emt 0:00:02]} Bg7 {[%emt 0:00:00]} 8. Rc1 {[%emt 0:00:00]} O-O {[%emt 0:00:02]} 9. b3 {[%emt 0:00:01]} Nc6 {[%emt 0:00:01]} 10. d5 {[%emt 0:00:27]} Ne5 {[%emt 0:00:12]} 11. Be2 {[%emt 0:00:01]} a5 {[%emt 0:00:11]} 12. f4 {[%emt 0:00:30]} Ned7 {[%emt 0:00:01]} 13. Nf3 {[%emt 0:00:01]} Nc5 {[%emt 0:00:02]} 14. O-O {[%emt 0:00:05]} Bg4 {[%emt 0:00:02]} 15. h3 {[%emt 0:00:03]} Bxf3 {[%emt 0:00:01]} 16. Bxf3 {[%emt 0:00:02]} Nbd7 {[%emt 0:00:01]} 17. Bd4 {[%emt 0:00:08]} Re8 {[%emt 0:00:27]} 18. Re1 {[%emt 0:00:05]} e5 {[%emt 0:00:17]} 19. dxe6 {[%emt 0:00:06]} fxe6 {[%emt 0:00:03]} 20. Bxg7 {[%emt 0:00:05]} Kxg7 {[%emt 0:00:01]} 21. Qxd6 {[%emt 0:00:02]} Ra6 {[%emt 0:00:15]} 22. Qd4+ {[%emt 0:00:09]} Kg8 {[%emt 0:00:16]} 23. Rcd1 {[%emt 0:00:01]} Qc7 {[%emt 0:00:10]} 24. Nb5 {[%emt 0:00:06]} Qb6 {[%emt 0:00:06]} 25. Kh1 {[%emt 0:00:35]} Nf8 {[%emt 0:00:07]} 26. Re5 {[%emt 0:00:17]} Nfd7 {[%emt 0:00:19]} 27. Re2 {[%emt 0:00:06]} Raa8 {[%emt 0:00:04]} 28. Nd6 {[%emt 0:00:07]} Rf8 {[%emt 0:00:01]} 29. Nxb7 {[%emt 0:00:11]} Rac8 {[%emt 0:00:30]} 30. Nxc5 {[%emt 0:00:09]} Nxc5 {[%emt 0:00:02]} 31. Qd6 {[%emt 0:00:02]} Qb4 {[%emt 0:00:04]} 32. Qe5 {[%emt 0:00:08]} a4 {[%emt 0:00:05]} 33. Re3 {[%emt 0:00:08]} axb3 {[%emt 0:00:03]} 34. axb3 {[%emt 0:00:01]} Rf7 {[%emt 0:00:17]} 35. Bg4 {[%emt 0:00:03]} Re8 {[%emt 0:00:04]} 36. Rd6 {[%emt 0:00:12]} Qa3 {[%emt 0:00:10]} 37. Kh2 {[%emt 0:00:05]} Qa7 {[%emt 0:00:18]} 38. b4 {[%emt 0:00:04]} Nd7 {[%emt 0:00:00]} 39. Qc3 {[%emt 0:00:02]} Nf6 {[%emt 0:00:00]} 40. Bxe6 {[%emt 0:00:03]} 1-0

[Event "EWIBCC 2019"]
[Site "Monte-Carlo"]
[Date "2019.11.29"]
[Round "6.1"]
[White "Bodnaruk, Anastasia"]
[Black "Gaponenko, Inna"]
[Result "0-1"]
[WhiteElo "2412"]
[BlackElo "2427"]
[Annotator "NA"]
[PlyCount "70"]
[EventDate "2019.11.29"]
[EventType "swiss"]
[EventCountry "MNC"]
[SourceTitle "playchess.com"]
[Source "ChessBase"]
[SourceQuality "1"]
[TimeControl "180+2"]

1. e4 {[%emt 0:00:00]} c5 {[%emt 0:00:00]} 2. Nf3 {[%emt 0:00:00]} d6 {[%emt 0:00:00]} 3. d4 {[%emt 0:00:01]} cxd4 {[%emt 0:00:00]} 4. Nxd4 {[%emt 0:00:01]} Nf6 {[%emt 0:00:01]} 5. Nc3 {[%emt 0:00:01]} g6 {[%emt 0:00:01]} 6. Be3 {[%emt 0:00:06]} Bg7 {[%emt 0:00:01]} 7. f3 {[%emt 0:00:05]} Nc6 {[%emt 0:00:01]} 8. Bc4 {[%emt 0:00:04]} O-O {[%emt 0:00:03]} 9. Qd2 {[%emt 0:00:03]} Bd7 {[%emt 0:00:01]} 10. h4 {[%emt 0:00:09]} Qa5 {[%emt 0:00:02]} 11. Bb3 {[%emt 0:00:23]} Ne5 {[%emt 0:00:12]} 12. O-O-O {[%emt 0:00:09]} Rfc8 {[%emt 0:00:01]} 13. g4 {[%emt 0:00:45]} b5 {[%emt 0:00:10]} 14. h5 {[%emt 0:00:20]} b4 {[%emt 0:00:02]} 15. Nd5 {[%emt 0:00:15]} Nxd5 {[%emt 0:00:03]} 16. Bxd5 {[%emt 0:00:16]} Nc4 {[%emt 0:00:02]} 17. Bxc4 {[%emt 0:00:19]} Rxc4 {[%emt 0:00:01]} 18. Kb1 {[%emt 0:00:04]} Qe5 {[%emt 0:00:17]} 19. hxg6 {[%emt 0:00:11]} hxg6 {[%emt 0:00:07]} 20. Qd3 {[%emt 0:00:12]} Rac8 {[%emt 0:00:24]} 21. Rd2 {[%emt 0:00:03]} d5 {[%emt 0:00:09]} 22. exd5 {[%emt 0:00:06]} Qxd5 {[%emt 0:00:02]} 23. Nb3 {[%emt 0:00:05]} Qxd3 {[%emt 0:00:05]} 24. cxd3 {[%emt 0:00:02]} R4c7 {[%emt 0:00:05]} 25. d4 {[%emt 0:00:00]} Bc6 {[%emt 0:00:36]} 26. Rf1 {[%emt 0:00:03]} Bd5 {[%emt 0:00:04]} 27. Nc5 {[%emt 0:00:01]} a5 {[%emt 0:00:07]} 28. f4 {[%emt 0:00:03]} Rc6 {[%emt 0:00:04]} 29. f5 {[%emt 0:00:02]} e5 {[%emt 0:00:09]} 30. fxe6 {[%emt 0:00:05]} fxe6 {[%emt 0:00:02]} 31. Nd3 {[%emt 0:00:03]} Be4 {[%emt 0:00:06]} 32. Rfd1 {[%emt 0:00:02]} Rc4 {[%emt 0:00:09]} 33. Ka1 {[%emt 0:00:02]} Bxd4 {[%emt 0:00:08]} 34. Bxd4 {[%emt 0:00:03]} Rxd4 {[%emt 0:00:01]} 35. b3 {[%emt 0:00:02]} Rcd8 {[%emt 0:00:04]} 0-1

[Event "EWIBCC 2019"]
[Site "Monte-Carlo"]
[Date "2019.11.29"]
[Round "6.2"]
[White "Sebag, Marie"]
[Black "Stefanova, Antoaneta"]
[Result "0-1"]
[WhiteElo "2443"]
[BlackElo "2481"]
[Annotator "TA"]
[PlyCount "54"]
[EventDate "2019.11.29"]
[EventType "swiss"]
[EventCountry "MNC"]
[SourceTitle "playchess.com"]
[Source "ChessBase"]
[SourceQuality "1"]

{[%evp 9,54,44,32,33,40,36,39,36,39,-10,-18,-18,22,16,29,-21,-18,-4,9,-30,-24,-102,29,13,19,13,8,10,25,29,22,0,68,74,73,-331,-256,-656,-660,-811,-393,-368,-113,-2070,-1000,-29997,-29998]} 1. e4 e5 2. Nf3 Nc6 3. Bb5 a6 4. Ba4 g6 5. c3 Bg7 (5... d6 6. d4 Bd7 7. Bg5 f6 8. Be3 Bh6 9. Qd2 Bxe3 10. Qxe3 Kf8 11. dxe5 fxe5 12. c4 Kg7 13. Nc3 Nf6 14. h3 Nb4 {½-½ (39) Le,Q (2708)-Artemiev,V (2746) Khanty-Mansiysk 2019}) 6. d4 {C70: Ruy Lopez: 3...a6 4 Ba4, Norwegian and Delayed Schliemann} exd4 7. cxd4 b5 8. Bb3 {White is slightly better.} Na5 9. d5 (9. Bc2 {seems wilder.} Ne7 10. O-O O-O 11. Bg5 h6 12. Bd2) 9... Nxb3 10. axb3 $146 ({Predecessor:} 10. Qxb3 d6 11. O-O Ne7 12. Bd2 O-O 13. Bc3 {1-0 (32) Babiy,O (2318)-Vidic,T (2176) Stary Smokovec 2018}) 10... d6 11. O-O Nf6 12. Re1 O-O 13. Nd4 Re8 14. Nc3 Bb7 {White must now prevent ...b4.} 15. b4 {[#]} (15. Nc2 $11 {keeps the balance.}) 15... Qd7 (15... Nxd5 $1 $17 {[%mdl 512]} 16. Nxd5 Bxd5) 16. Nb3 c6 17. dxc6 Bxc6 {[%cal Rf6e4]} 18. f3 d5 19. e5 Nh5 20. g4 Bxe5 (20... Rxe5 $11 21. gxh5 Qh3) 21. gxh5 $14 Qh3 {[#]} 22. Re2 $2 {[%mdl 8192]} (22. Rxe5 $1 $16 {is forced if you want to stay better.} Rxe5 23. Bf4) 22... d4 ({Weaker is} 22... Qxf3 23. Rxe5 Qxd1+ 24. Nxd1 $17) 23. Ne4 $2 (23. Qf1 Qxf1+ 24. Kxf1 dxc3 25. Kg2) 23... Qxf3 $19 24. Nbd2 {[#]} Qg4+ (24... Bxh2+ $142 $1 {[%mdl 512]} 25. Kxh2 (25. Rxh2 Qxd1+) 25... Qxh5+ 26. Kg3 Bxe4 {[%mdl 64] Pin}) 25. Kf1 {aiming for Nf6+!} f5 $2 (25... Qh3+ $19 26. Rg2 f5) 26. Ng3 $2 {[%mdl 8192]} (26. Qb3+ $17 Kh8 27. Ng5 $1 {[%mdl 512]}) 26... d3 (26... Qh3+ $142 27. Kg1 d3 28. Qb3+ {[#]} Kh8 $1 {[%mdl 512]} 29. Qxd3 Rad8 30. Qe3 f4 $1 {[%mdl 576] Double Attack} 31. Ndf1 fxe3 32. Bxe3 Bxg3 33. hxg6 Bf4 $1 {[%mdl 576] Pin} 34. Bd4+ Rxd4 35. Rxe8+ Bxe8 36. g7+ Kxg7 37. Ra3 Qg4+ 38. Kf2 Bh5 39. h3 Qe2+ {[%mdl 64] Double Attack} 40. Kg1 Rd1 $1 {[%mdl 512]} 41. Rg3+ Bxg3 42. Kh1 Rxf1#) 27. Re1 Qh3+ {[%mdl 64] Double Attack. Accuracy: White = 17%, Black = 44%.} 0-1

[Event "EWIBCC 2019"]
[Site "Monte-Carlo"]
[Date "2019.11.29"]
[Round "6.3"]
[White "Muzychuk, Anna"]
[Black "Guichard, Pauline"]
[Result "1-0"]
[WhiteElo "2543"]
[BlackElo "2407"]
[Annotator "TA"]
[PlyCount "53"]
[EventDate "2019.11.29"]
[EventType "swiss"]
[EventCountry "MNC"]
[SourceTitle "playchess.com"]
[Source "ChessBase"]
[SourceQuality "1"]

{[%evp 18,53,25,24,37,36,23,28,37,18,42,4,0,-8,1,-35,19,11,35,35,93,102,112,115,111,114,169,169,249,250,252,252,249,137,124,122,745,750]} 1. e4 e5 2. Nf3 Nc6 3. Nc3 Nf6 4. Bb5 Bb4 5. O-O d6 6. d3 Bxc3 7. bxc3 O-O 8. Bg5 Qe7 9. Ba4 a6 10. Re1 b5 {C49: Four Knights: 4 Bb5 Bb4} (10... Nd8 11. Bb3 Ne6 12. Bh4 Nf4 13. Nd2 b5 14. Nf1 Ng6 15. Bg3 c5 16. Ne3 Qc7 17. h4 Be6 18. h5 {0-1 (37) Artemiev,V (2709)-Andreikin,D (2719) St Petersburg 2018}) 11. Bb3 Na5 12. h3 Nxb3 $146 {White has an edge.} ({Predecessor:} 12... c5 13. Bd5 Rb8 14. a4 Be6 15. axb5 h6 16. Bxf6 Qxf6 17. Bxe6 fxe6 18. Rxa5 axb5 {1-0 (27) Fonseca Gonzalez,J (1542)-Katsantoulas,T (1348) IECC email 2010}) 13. cxb3 c5 14. Qd2 Qe6 15. c4 Nd7 16. Rac1 Nb8 (16... h6 $15 17. Be3 f5) 17. b4 $11 bxc4 18. bxc5 dxc5 (18... f6 $14) 19. Rxc4 $16 Nd7 20. Be3 Qd6 21. Rec1 {[%cal Rc4c5]} Bb7 {[#]} (21... Rd8 $16 {was called for.}) 22. Rxc5 $1 $18 {Hoping for Rc7.} Nxc5 (22... Bxe4 $142 23. dxe4 Qxd2 24. Nxd2 (24. Bxd2 Nxc5 25. Rxc5 f6 $16) 24... Nxc5) 23. Bxc5 Qe6 24. Bxf8 Rxf8 25. Qa5 (25. Qb2 $18 Rc8 26. Rxc8+ Bxc8 27. Nxe5) 25... f6 $16 26. Rb1 g6 $2 {[%mdl 8192] [#]} (26... Qd7 $16 27. Rb6 Rc8) 27. Rxb7 {Accuracy: White = 57%, Black = 21%.} 1-0

[Event "EWIBCC 2019"]
[Site "Monte-Carlo"]
[Date "2019.11.29"]
[Round "6.5"]
[White "Michna, Marta"]
[Black "Babiy, Olga"]
[Result "1-0"]
[WhiteElo "2366"]
[BlackElo "2249"]
[Annotator "NA"]
[PlyCount "73"]
[EventDate "2019.11.29"]
[EventType "swiss"]
[EventCountry "MNC"]
[SourceTitle "playchess.com"]
[Source "ChessBase"]
[SourceQuality "1"]
[TimeControl "180+2"]

1. Nf3 {[%emt 0:00:00]} d5 {[%emt 0:00:00]} 2. g3 {[%emt 0:00:01]} Bg4 {[%emt 0:00:06]} 3. Bg2 {[%emt 0:00:01]} c6 {[%emt 0:00:00]} 4. d3 {[%emt 0:00:04]} Nd7 {[%emt 0:00:04]} 5. O-O {[%emt 0:00:13]} e6 {[%emt 0:00:01]} 6. Nbd2 {[%emt 0:00:14]} Bd6 {[%emt 0:00:06]} 7. h3 {[%emt 0:00:08]} Bh5 {[%emt 0:00:08]} 8. e4 {[%emt 0:00:03]} Ne7 {[%emt 0:00:06]} 9. c3 {[%emt 0:00:12]} O-O {[%emt 0:00:02]} 10. Qc2 {[%emt 0:00:08]} b5 {[%emt 0:00:16]} 11. a4 {[%emt 0:00:21]} Qb6 {[%emt 0:00:14]} 12. a5 {[%emt 0:00:26]} Qc7 {[%emt 0:00:05]} 13. Re1 {[%emt 0:00:08]} e5 {[%emt 0:00:18]} 14. Nh4 {[%emt 0:00:11]} Rad8 {[%emt 0:00:23]} 15. g4 {[%emt 0:00:33]} Bg6 {[%emt 0:00:01]} 16. Nf5 {[%emt 0:00:10]} Nc5 {[%emt 0:00:01]} 17. Nf1 {[%emt 0:00:10]} f6 {[%emt 0:00:08]} 18. N1g3 {[%emt 0:00:03]} Bf7 {[%emt 0:00:03]} 19. Nxd6 {[%emt 0:00:08]} Qxd6 {[%emt 0:00:02]} 20. Nf5 {[%emt 0:00:01]} Nxf5 {[%emt 0:00:03]} 21. exf5 {[%emt 0:00:03]} Rfe8 {[%emt 0:00:22]} 22. Bd2 {[%emt 0:00:02]} h6 {[%emt 0:00:13]} 23. b4 {[%emt 0:00:01]} Nd7 {[%emt 0:00:05]} 24. Re2 {[%emt 0:00:05]} c5 {[%emt 0:00:02]} 25. Rae1 {[%emt 0:00:01]} c4 {[%emt 0:00:07]} 26. dxc4 {[%emt 0:00:02]} dxc4 {[%emt 0:00:07]} 27. Be3 {[%emt 0:00:01]} Qc7 {[%emt 0:00:11]} 28. Rd2 {[%emt 0:00:01]} Nf8 {[%emt 0:00:10]} 29. Red1 {[%emt 0:00:01]} Nh7 {[%emt 0:00:05]} 30. Rxd8 Rxd8 {[%emt 0:00:01]} 31. Rxd8+ {[%emt 0:00:02]} Qxd8 {[%emt 0:00:01]} 32. Bxa7 {[%emt 0:00:02]} h5 {[%emt 0:00:13]} 33. Be3 {[%emt 0:00:01]} hxg4 {[%emt 0:00:02]} 34. hxg4 {[%emt 0:00:01]} Nf8 {[%emt 0:00:01]} 35. a6 {[%emt 0:00:01]} Bd5 {[%emt 0:00:10]} 36. Qd1 {[%emt 0:00:01]} e4 {[%emt 0:00:01]} 37. Bxe4 {[%emt 0:00:03]} 1-0

[Event "EWIBCC 2019"]
[Site "Monte-Carlo"]
[Date "2019.11.29"]
[Round "6.6"]
[White "Buksa, Nataliya"]
[Black "Kazarian, Anna-Maja"]
[Result "1-0"]
[WhiteElo "2410"]
[BlackElo "2109"]
[Annotator "NA"]
[PlyCount "94"]
[EventDate "2019.11.29"]
[EventType "swiss"]
[EventCountry "MNC"]
[SourceTitle "playchess.com"]
[Source "ChessBase"]
[SourceQuality "1"]
[TimeControl "180+2"]

1. e4 c6 2. d4 {[%emt 0:00:00]} d5 {[%emt 0:00:00]} 3. Nc3 {[%emt 0:00:00]} dxe4 {[%emt 0:00:00]} 4. Nxe4 {[%emt 0:00:01]} Bf5 {[%emt 0:00:00]} 5. Ng3 {[%emt 0:00:01]} Bg6 {[%emt 0:00:01]} 6. h4 {[%emt 0:00:01]} h6 {[%emt 0:00:00]} 7. Nf3 {[%emt 0:00:02]} Nd7 {[%emt 0:00:01]} 8. h5 {[%emt 0:00:02]} Bh7 {[%emt 0:00:01]} 9. Bd3 {[%emt 0:00:00]} Bxd3 {[%emt 0:00:01]} 10. Qxd3 {[%emt 0:00:02]} e6 {[%emt 0:00:02]} 11. Bd2 {[%emt 0:00:00]} Ngf6 {[%emt 0:00:02]} 12. O-O-O {[%emt 0:00:02]} Be7 {[%emt 0:00:01]} 13. Kb1 {[%emt 0:00:01]} O-O {[%emt 0:00:02]} 14. Rhe1 {[%emt 0:00:01]} Qc7 {[%emt 0:00:13]} 15. Qe2 {[%emt 0:00:10]} Rad8 {[%emt 0:00:29]} 16. Ne5 {[%emt 0:00:16]} c5 {[%emt 0:00:09]} 17. Ng6 {[%emt 0:00:24]} fxg6 {[%emt 0:00:54]} 18. Qxe6+ {[%emt 0:00:01]} Kh7 {[%emt 0:00:00]} 19. hxg6+ {[%emt 0:00:01]} Kxg6 {[%emt 0:00:02]} 20. Nf5 {[%emt 0:00:36]} Rfe8 {[%emt 0:01:18]} 21. Bxh6 {[%emt 0:00:35]} gxh6 {[%emt 0:00:05]} 22. Rh1 {[%emt 0:00:02]} Bf8 {[%emt 0:00:04]} 23. Nh4+ {[%emt 0:00:02]} Kg7 {[%emt 0:00:03]} 24. Qf5 {[%emt 0:00:01]} Re4 {[%emt 0:00:15]} 25. dxc5 {[%emt 0:00:31]} Rf4 {[%emt 0:00:03]} 26. Qg6+ {[%emt 0:00:02]} Kh8 {[%emt 0:00:00]} 27. Qg3 {[%emt 0:00:01]} Nxc5 {[%emt 0:00:03]} 28. Ng6+ {[%emt 0:00:01]} Kh7 {[%emt 0:00:01]} 29. Nxf4 {[%emt 0:00:10]} Nce4 {[%emt 0:00:02]} 30. Qg6+ {[%emt 0:00:07]} Kh8 {[%emt 0:00:01]} 31. Ne6 {[%emt 0:00:11]} Rxd1+ {[%emt 0:00:00]} 32. Rxd1 {[%emt 0:00:01]} Qe7 {[%emt 0:00:02]} 33. Nxf8 {[%emt 0:00:03]} Qxf8 {[%emt 0:00:01]} 34. Qf5 {[%emt 0:00:02]} Qe7 {[%emt 0:00:03]} 35. Qc8+ {[%emt 0:00:02]} Kg7 {[%emt 0:00:00]} 36. f3 {[%emt 0:00:01]} Nf2 {[%emt 0:00:01]} 37. Rc1 {[%emt 0:00:04]} b6 {[%emt 0:00:05]} 38. a3 {[%emt 0:00:02]} Nd5 {[%emt 0:00:03]} 39. Qf5 {[%emt 0:00:02]} Nf6 {[%emt 0:00:01]} 40. g4 {[%emt 0:00:06]} Qe3 {[%emt 0:00:01]} 41. a4 {[%emt 0:00:18]} Nh3 {[%emt 0:00:03]} 42. Rd1 {[%emt 0:00:02]} Nf4 {[%emt 0:00:02]} 43. Qc8 {[%emt 0:00:04]} N4d5 {[%emt 0:00:05]} 44. Qb7+ {[%emt 0:00:02]} Kg6 {[%emt 0:00:01]} 45. Rxd5 {[%emt 0:00:03]} Qe1+ {[%emt 0:00:01]} 46. Ka2 {[%emt 0:00:01]} Nxd5 {[%emt 0:00:06]} 47. Qxd5 {[%emt 0:00:01]} Qe2 {[%emt 0:00:06]} 1-0

[Event "EWIBCC 2019"]
[Site "Monte-Carlo"]
[Date "2019.11.29"]
[Round "6.7"]
[White "Bulmaga, Irina"]
[Black "Kosteniuk, Alexandra"]
[Result "0-1"]
[WhiteElo "2435"]
[BlackElo "2483"]
[Annotator "TA"]
[PlyCount "94"]
[EventDate "2019.11.29"]
[EventType "swiss"]
[EventCountry "MNC"]
[SourceTitle "playchess.com"]
[Source "ChessBase"]
[SourceQuality "1"]

{[%evp 10,94,19,12,15,0,0,0,0,0,0,-6,-12,-8,0,0,17,-2,0,-20,8,20,24,-97,-71,-60,-60,-135,-126,-144,-153,-147,-147,-134,-134,-373,-176,-207,-238,-211,-197,-220,-220,-235,-201,-256,-276,-402,-414,-375,-370,-370,-347,-315,-269,-307,-278,-278,-262,-316,-314,-289,-279,-399,-377,-362,-363,-528,-527,-942,-935,-810,-663,-1274,-1526,-1331,-1223,-1687,-1642,-2334,-2591,-2420,-2328,-29983,-29985,-29991,-29992]} 1. e4 c5 2. Nf3 e6 3. d4 cxd4 4. Nxd4 Nf6 5. Nc3 Nc6 6. g3 d5 {B45: Sicilian Four Knights} (6... Bb4 7. Bg2 O-O 8. O-O d6 9. a4 Rb8 10. Ncb5 Nxd4 11. Nxd4 Bc5 12. c3 a6 13. b4 Ba7 14. Be3 Ra8 15. Nc2 e5 16. Bxa7 Rxa7 {½-½ (36) Motylev,A (2668)-Dreev,A (2662) Izhevsk 2019}) 7. Bb5 {Threatens to win with exd5.} Bd7 8. exd5 exd5 {The position is equal.} 9. O-O Be7 10. Re1 O-O 11. Bf1 Bc5 $146 ({Predecessor:} 11... Rc8 12. Nce2 Re8 13. c3 Bc5 14. Nb3 {1-0 (64) Stanojoski,Z (2493)-Samhouri,B (2269) Albena 2011}) 12. Nb3 Bb4 13. Bg2 Bg4 $36 {[%mdl 2048] Black has the initiative.} 14. f3 d4 (14... Bf5 {seems wilder.} 15. a3 Bxc3 16. bxc3 Re8 17. Be3 Ne5) 15. a3 dxc3 16. Qxd8 (16. axb4 $11 {was the only way to keep the balance.} Qxd1 17. Rxd1) 16... Raxd8 (16... Rfxd8 {with more complications.} 17. axb4 Nxb4 18. fxg4 Nxc2 19. Rf1 Nxa1 20. Nxa1 cxb2 21. Bxb2 Nxg4 22. Re1 Re8) 17. axb4 Nxb4 18. fxg4 ({White should play} 18. Re2 $15 Be6 19. bxc3 Nxc2 20. Rxc2 Bxb3 21. Rd2) 18... Nxc2 $17 {[%mdl 64] Double Attack} 19. Rf1 Nxa1 20. Nxa1 {[#]} cxb2 $1 ({Much weaker is} 20... Nxg4 $6 21. bxc3 Rd3 22. c4 $11) 21. Bxb2 Nxg4 22. Bf3 $2 {[#]} (22. Ba3 $17 Rfe8 23. Bxb7) 22... Ne3 (22... Nxh2 $142 $1 {[%mdl 512]} 23. Kxh2 Rd2+ {[%mdl 64] Double Attack} 24. Kg1 Rxb2) 23. Re1 Nc4 24. Bc1 Rfe8 25. Rxe8+ Rxe8 26. Kf2 b5 27. Bc6 Rc8 28. Bf3 (28. Bb7 $142 Rd8 29. Ba6) 28... Ne5 $19 29. Bd2 Nxf3 30. Kxf3 f6 31. Ke4 Kf7 32. Nb3 a6 33. Kd3 g5 34. Bb4 Rc4 35. Bc3 h5 36. Na5 (36. Nd4 {was necessary.}) 36... Rg4 37. Nc6 h4 {...Rxg3+! is the strong threat.} 38. gxh4 (38. Be1 $142) 38... Rxh4 39. Nb4 a5 40. Nd5 b4 41. Bd2 Rxh2 42. Ne3 Ke6 43. Bc1 f5 44. Nc4 Rh3+ 45. Kd4 a4 {[%cal Ba5a4,Ba4a3,Ba3a2][%mdl 32]} 46. Bxg5 a3 47. Nd2 a2 {Accuracy: White = 20%, Black = 72%.} 0-1

[Event "EWIBCC 2019"]
[Site "Monte-Carlo"]
[Date "2019.11.29"]
[Round "6.8"]
[White "Dzagnidze, Nana"]
[Black "Girya, Olga"]
[Result "1-0"]
[WhiteElo "2502"]
[BlackElo "2476"]
[Annotator "TA"]
[PlyCount "60"]
[EventDate "2019.11.29"]
[EventType "swiss"]
[EventCountry "MNC"]
[SourceTitle "playchess.com"]
[Source "ChessBase"]
[SourceQuality "1"]

{[%evp 15,60,0,2,0,0,0,0,0,0,0,0,0,0,0,13,19,31,24,12,0,0,0,99,101,93,94,172,188,170,188,475,116,155,141,178,145,159,151,422,420,383,396,752,751,701,694,647]} 1. c4 e6 2. Nf3 d5 3. e3 Nf6 4. b3 Bd6 5. Bb2 O-O 6. Nc3 b6 7. Be2 Bb7 8. O-O Nbd7 9. Rc1 {A13: English Opening: 1...e6} a6 10. Qc2 (10. d4 Qe7 11. cxd5 exd5 12. Bd3 Ne4 13. Ne2 Rfe8 14. Ng3 g6 15. Rc2 h5 16. Re1 h4 {1-0 (58) Alekseev,E (2622)-Potkin,V (2574) Sochi 2017}) 10... c5 11. cxd5 {The position is equal.} exd5 12. d4 Rc8 13. dxc5 bxc5 14. Rfd1 Qe7 15. Qf5 {[%cal Rc3d5]} Qe6 $146 ({Predecessor:} 15... Rfd8 16. Bd3 Qe6 {½-½ (44) Oliva Castaneda,K (2510)-Duran Vega,S (2389) Sabadell 2017}) 16. Bd3 g6 17. Qg5 Rfe8 18. Ne2 d4 (18... Nh5 $1 $11) 19. exd4 $16 Bxf3 20. gxf3 Qh3 (20... cxd4 $16 {keeps fighting.} 21. Rxc8 (21. Bxd4 Rxc1 22. Qxc1 Ne5 $14) (21. Nxd4 Qh3 $14) 21... Rxc8) 21. Qg2 $18 Qh4 22. dxc5 Nxc5 $2 {[#]} (22... Rxc5 {was necessary.} 23. Bxa6 Rxc1 24. Bxc1 Qb4) 23. Bc4 $2 (23. Rc4 $18 {is the precise move to win.} Bxh2+ 24. Qxh2 Qxh2+ 25. Kxh2) 23... Rcd8 24. Ng3 Nh5 25. Nxh5 Qxh5 26. Bf6 Rd7 $2 {[#]} (26... Be7 $16) 27. Rd5 $1 {[%cal Rd5h5]} Qh6 28. Rcd1 Qf4 $2 (28... Ne6 29. Rxd6 Rxd6 30. Rxd6 Qf4) 29. Bg5 Qxh2+ 30. Qxh2 Bxh2+ {Accuracy: White = 75%, Black = 36%.} 1-0